Soccer Clubs Won UEFA Champions League Tittle - Sudden Death - Statistics

General Stats
  • This quiz has been taken 1,190 times
    228 since last reset
  • The average score is 13 of 20
Answers on the Grid
Answers color-coded by a green-red scale on the quiz's grid according to % correct below.
AC Milan
AFC Ajax
Arsenal
AS Roma
Atletico Madrid
Bayer Leverkusen
Bayern Munich
Borssia Dortmund
Celtic FC
Chelsea
FC Barcelona
FC Porto
Feyenoord
Galatasaray SK
Glasgow Rangers
Hamburger SV
Inter
Juventus
Liverpool FC
Manchester City
Manchester United
Olympique Lyonnais
Olympique Marseille
PSG
PSV Eindhoven
RB Leipzig
Real Madrid
SL Benfica
Sporting CP
SSC Napoli
Tottenham Hotspur
Valencia CF
 
Answer Stats
Answer % Correct
AC Milan
96%
AFC Ajax
88%
Bayern Munich
78%
FC Barcelona
76%
Chelsea
74%
Liverpool FC
72%
Manchester City
72%
Real Madrid
72%
PSG
71%
Manchester United
69%
Inter
67%
FC Porto
66%
Juventus
66%
Borssia Dortmund
58%
Celtic FC
58%
Olympique Marseille
58%
Hamburger SV
53%
SL Benfica
53%
Feyenoord
48%
PSV Eindhoven
47%
No matching quizzes found
Score Distribution
Percent of People with Each Score
Percentile by Number Answered
Your Score History
You have not taken this quiz since the last reset